000 00319nam a2200133Ia 4500
005 20251222140057.0
008 251222s1900||||xx |||||||||||||| ||spa||
020 _a844930167X
082 _a146.4/P77
100 _aPopper, Karl R.
245 0 _aLa Responsabilidad de Vivir:
264 _bPaidós Ibérica
942 _cLIB
999 _c3812
_d3812